Kosovo (Record no. 17153)

MARC details
000 -LEADER
fixed length control field 00610nam a2200241 a 4500
020 ## - INTERNATIONAL STANDARD BOOK NUMBER
ISBN 0067752
082 00 - DEWEY DECIMAL CLASSIFICATION NUMBER
Classification number 949.71
Author Cutter MAL
100 ## - MAIN ENTRY--AUTHOR NAME
Author name Malcolm, Noel
245 ## - TITLE STATEMENT
Title Kosovo
Sub title a Short History
260 ## - PUBLICATION, DISTRIBUTION, ETC. (IMPRINT)
Place of publication New York
Name of publisher Harperone
Year of publication 1999
300 ## - PHYSICAL DESCRIPTION
Number of Pages 492p
500 ## - GENERAL NOTE
General note includes index and biblioraphy
505 2# - FORMATTED CONTENTS NOTE
Formatted contents note Notes, Glossary, Bibliography, Index
650 ## - SUBJECT ADDED ENTRY--TOPICAL TERM
Topical Term Kosovo-History
942 ## - ADDED ENTRY ELEMENTS (KOHA)
Koha item type Books
700 1# -
-- Malcolm, Noel
Holdings
Collection code Home library Current library Date acquired Cost, normal purchase price Full call number Accession Number Koha item type
  Henry Martyn Institute Library Henry Martyn Institute Library 04/02/2007 367.54 949.71 MAL 020998 Books
                   Copyright © 2026 | Henry Martyn Institute | Hyderabad | TS-500052 | INDIA | Implemented by hmi.edu.in
Hit-Count:

Powered by Koha